000 00256nam a2200109Ia 4500
008 190216s9999||||xx |||||||||||||| ||und||
100 _aSaksena S.C
245 0 _aBusiness Administration And Management
260 _bNull
_c1977
300 _a651p
942 _cBK
999 _c4124
_d4124